000 00796nam a2200277Ia 4500
003 OSt
005 20221006161004.0
006 a|||||r|||| 00| 0
007 ta
008 221006b |||||||| |||| 00| 0 eng d
020 _a9781107029033
024 _a47,043
037 _cTextual
040 _aEASL
_cEASL
_beng
041 _2eng
_aeng
082 _a0O42vP1, Q6
100 _aSHIRANE Hsruo Ed.
_9675635
245 0 _aCambridge history of Japanese literature
260 _aCambridge
_bCambridge University Press
_c2016
300 _a847p.
_ccm.
490 _v JEL
700 _a LURIE David Ed.
_9675636
700 _a SUZUKI Tomi Ed.
_9675637
942 _h0O42vP1, Q6
_cTEXL
_2CC
999 _c1115132
_d1115132